000
00227nam a2200097Ia 4500
008
220204s9999 xx 000 0 und d
082
_a
82-3
_b
MAN
100
_a
Manoj Das
245
0
_a
Fables and fantasies fod adults
942
_c
BK
999
_c
35012
_d
35012